[Event "Crema op 09th"]
[Site "Crema"]
[Date "2007.09.07"]
[Round "2"]
[White "Usuelli, Michele"]
[Black "D'Apa, Matteo"]
[Result "0-1"]
[WhiteElo "1527"]
[BlackElo "2055"]
[PlyCount "96"]
[EventDate "2007.09.07"]
[EventType "swiss"]
[EventRounds "6"]
[EventCountry "ITA"]
[SourceTitle "EXT 2009"]
[Source "ChessBase"]
[SourceDate "2008.11.26"]
[SourceVersion "1"]
[SourceVersionDate "2008.11.26"]
[SourceQuality "1"]

1. e4 e5 2. Nc3 Nf6 3. f4 d6 4. Nf3 Be7 5. fxe5 dxe5 6. Nxe5 0-0 7. d4 Bb4 8. Bg5 h6 9. Bxf6 Qxf6 10. Bd3 c5 11. Rf1 Qh4+ 12. g3 Qxh2 13. Qf3 Bh3 14. Rf2 Qg1+ 15. Ke2 Qxa1 16. Nxf7 Nc6 17. Qh5 Nxd4+ 18. Kd2 Rxf7 19. Qxf7+ Kh8 20. e5 c4 21. Qxc4 Qxb2 22. Qxd4 Rc8 23. Qe4 Qxc3+ 24. Ke3 Qe1+ 25. Re2 Qxg3+ 26. Kd4 Qg4 27. Qxg4 Bxg4 28. Re4 Bf5 29. Rf4 Bxd3 30. cxd3 g5 31. Rf7 b5 32. Rb7 a6 33. Ke4 Rf8 34. Rb6 Kg7 35. Rxa6 g4 36. Ra7+ Rf7 37. Rxf7+ Kxf7 38. d4 g3 39. Kf3 Bc3 40. Kxg3 Bxd4 41. Kf4 Ke6 42. Kg4 Bxe5 43. Kh5 Bf4 44. Kg4 Ke5 45. Kf3 h5 46. Kg2 h4 47. Kh3 Bg3 48. Kg2 Kd4 0-1